Dr. S. R. Lasker Library Online Catalogue

Home      Library Home      Institutional Repository      E-Resources      MyAthens      EWU Home

Essentials of entrepreneurship and small business management / (Record no. 5710)

MARC details
000 -LEADER
fixed length control field 02489cam a2200385 a 4500
001 - CONTROL NUMBER
control field 5710
003 - CONTROL NUMBER IDENTIFIER
control field BD-DhEWU
005 - DATE AND TIME OF LATEST TRANSACTION
control field 20181212101112.0
008 - FIXED-LENGTH DATA ELEMENTS--GENERAL INFORMATION
fixed length control field 040816s2005 ii a g b 001 0 eng d
020 ## - INTERNATIONAL STANDARD BOOK NUMBER
International Standard Book Number 0131918567
International Standard Book Number 9788120327665
International Standard Book Number 8120327667
035 ## - SYSTEM CONTROL NUMBER
System control number (OCoLC)317262469
040 ## - CATALOGING SOURCE
Modifying agency BD-DhEWU
Original cataloging agency BD-DhEWU
Language of cataloging eng
Transcribing agency BD-DhEWU
041 ## - LANGUAGE CODE
Language code of text/sound track or separate title eng
082 #4 - DEWEY DECIMAL CLASSIFICATION NUMBER
Classification number 658.022
Item number ZIE 2005
100 1# - MAIN ENTRY--PERSONAL NAME
Personal name Zimmerer, Thomas.
9 (RLIN) 10620
245 10 - TITLE STATEMENT
Title Essentials of entrepreneurship and small business management /
Statement of responsibility, etc Thomas W. Zimmerer, Norman M. Scarborough.
250 ## - EDITION STATEMENT
Edition statement 4th ed.
260 ## - PUBLICATION, DISTRIBUTION, ETC. (IMPRINT)
Place of publication, distribution, etc Upper Saddle River, N.J. ;
-- New Delhi :
Name of publisher, distributor, etc Pearson Education International ;
-- Prentice - Hall,
Date of publication, distribution, etc c2005.
300 ## - PHYSICAL DESCRIPTION
Extent xiv, 578 p. :
Other physical details ill. ;
Dimensions 28 cm.
500 ## - GENERAL NOTE
General note Previous ed.: 2002<br/>Various multi-media instructional tools are available to supplement the text.
General note "International ed."
504 ## - BIBLIOGRAPHY, ETC. NOTE
Bibliography, etc Includes bibliographical references and index.
505 ## - FORMATTED CONTENTS NOTE
Formatted contents note Sec. I. The challenge of entrepreneurship: Ch. 1. The foundations of entrepreneurship --<br/>Ch. 2. Inside the entrepreneurial mind: from ideas to reality --<br/>Sec. II. Building the business plan: Beginning considerations : Ch. 3. Strategic management and the entrepreneur --<br/>Ch. 4. Forms of business ownership and franchising --<br/>Ch. 5. Buying an existing business --<br/>Sec. III. Building the business plan: Marketing considerations : Ch. 6. Building a powerful marketing plan --<br/>Ch. 7. E-commerce and the entrepreneur --<br/>Ch. 8. Integrated marketing communications and pricing strategies --<br/>Sec. IV. Building the business plan: financial considerations : Ch. 9. Managing cash flow --<br/>Ch. 10. Creating a successful financial plan --<br/>Ch. 11. Crafting a winning business plan --<br/>Sec. V. Putting the plan to work : building a competitive edge : Ch. 12. Sources of financing: debt and equity --<br/>Ch. 13. Choosing the right location and layout --<br/>Ch. 14. Global aspects of entrepreneurship --<br/>Ch. 15. Leading the growing company and planning for management succession.
Title TOC
526 ## - STUDY PROGRAM INFORMATION NOTE
Program name BA
590 ## - LOCAL NOTE (RLIN)
Local note Shamima Yeasmin
650 #0 - SUBJECT ADDED ENTRY--TOPICAL TERM
Topical term or geographic name as entry element Small business
General subdivision Management.
9 (RLIN) 10621
Topical term or geographic name as entry element New business enterprises
General subdivision Management.
9 (RLIN) 10622
700 1# - ADDED ENTRY--PERSONAL NAME
Personal name Scarborough, Norman M.
9 (RLIN) 10623
856 42 - ELECTRONIC LOCATION AND ACCESS
Materials specified WorldCat details
Uniform Resource Identifier http://www.worldcat.org/title/essentials-of-entrepreneurship-and-small-business-management/oclc/317262469&referer=brief_results
942 ## - ADDED ENTRY ELEMENTS (KOHA)
Source of classification or shelving scheme Dewey Decimal Classification
Koha item type Text
953 ## - Fulltext in GSDL
Is Fulltext Available in GSDL? Not Avaialable
Holdings
Withdrawn status Lost status Source of classification or shelving scheme Damaged status Not for loan Collection code Home library Current library Shelving location Date acquired Source of acquisition Cost, normal purchase price Total Checkouts Full call number Barcode Copy number Koha item type Date last seen Date checked out
    Dewey Decimal Classification     Non-fiction Dr. S. R. Lasker Library, EWU Dr. S. R. Lasker Library, EWU Circulation Section 19/11/2007 Paragon Enterprises Ltd. 612.00   658.022 ZIE 2005 21202 C-2 Text    
    Dewey Decimal Classification     Non-fiction Dr. S. R. Lasker Library, EWU Dr. S. R. Lasker Library, EWU Circulation Section 19/11/2007 Paragon Enterprises Ltd. 612.00 1 658.022 ZIE 2005 21203 C-3 Text 25/11/2025 27/02/2025
    Dewey Decimal Classification     Non-fiction Dr. S. R. Lasker Library, EWU Dr. S. R. Lasker Library, EWU Circulation Section 19/11/2007 Paragon Enterprises Ltd. 612.00   658.022 ZIE 2005 21205 C-5 Text    
    Dewey Decimal Classification   Not For Loan Non-fiction Dr. S. R. Lasker Library, EWU Dr. S. R. Lasker Library, EWU Reserve Section 19/11/2007 Paragon Enterprises Ltd. 612.00   658.022 ZIE 2005 21201 C-1 Text    
    Dewey Decimal Classification     Non-fiction Dr. S. R. Lasker Library, EWU Dr. S. R. Lasker Library, EWU Circulation Section 19/11/2007 Paragon Enterprises Ltd. 612.00   658.022 ZIE 2005 21204 C-4 Text